书目信息 |
| 题名: |
画品
|
|
| 作者: | 续小强 主编 | |
| 分册: | 春之卷 | |
| 出版信息: | 太原 北岳文艺出版社 2020.4 |
|
| 页数: | 237页 | |
| 开本: | 26cm | |
| 丛书名: | ||
| 单 册: | ||
| 中图分类: | J205.2 | |
| 科图分类: | ||
| 主题词: | 绘画评论--中国--现代 | |
| 电子资源: | ||
| ISBN: | 978-7-5378-6159-5 | |
| 000 | 00785nam0 2200229 45 | |
| 001 | 012001000748 | |
| 005 | 20130909142410.0 | |
| 010 | @a978-7-5378-6159-5@dCNY98.00 | |
| 100 | @a20200807d2020 em y0chiy0110 ea | |
| 101 | 0 | @achi |
| 102 | @aCN@b140000 | |
| 105 | @aa z 000yy | |
| 106 | @ar | |
| 200 | 1 | @a画品@Ahua pin@i春之卷@f续小强主编 |
| 210 | @a太原@c北岳文艺出版社@d2020.4 | |
| 215 | @a237页@c彩图,照片@d26cm | |
| 330 | @a本书是由国内知名画家怀一、仇春霞、陈丹青、韩羽等名家,对绘画的技法、师承关系、艺术风格等加以鉴赏。为中国绘画领域提供了宝贵的资料,是一个既有理论又有实践的艺术选本。 | |
| 606 | 0 | @a绘画评论@y中国@z现代 |
| 690 | @aJ205.2@v5 | |
| 701 | 0 | @a续小强@Axu xiao qiang@f(1980-)@4主编 |
| 801 | @aCN@b江苏凤凰@c20211018 | |
| 905 | @b1340880-3@dJ205.2@e1233@f4 | |
| 画品.春之卷/续小强主编.-太原:北岳文艺出版社,2020.4 |
| 237页:彩图,照片;26cm |
| ISBN 978-7-5378-6159-5:CNY98.00 |
| 本书是由国内知名画家怀一、仇春霞、陈丹青、韩羽等名家,对绘画的技法、师承关系、艺术风格等加以鉴赏。为中国绘画领域提供了宝贵的资料,是一个既有理论又有实践的艺术选本。 |
| ● |
| 相关链接 |
|
|
|
|
正题名:画品
索取号:J205.2/1233
 
预约/预借
| 序号 | 登录号 | 条形码 | 馆藏地/架位号 | 状态 | 备注 |
| 1 | 1340880 | 213408800 | 第一样本阅览室/ [索取号:J205.2/1233] | 在馆 | |
| 2 | 1340881 | 213408819 | 第一借阅区/ [索取号:J205.2/1233] | 在馆 | |
| 3 | 1340882 | 213408828 | 第一借阅区/ [索取号:J205.2/1233] | 在馆 | |
| 4 | 1340883 | 213408837 | 第一借阅区/ [索取号:J205.2/1233] | 在馆 |